| 000 | 00799nam a2200241 i 4500 | ||
|---|---|---|---|
| 001 | 80526 | ||
| 003 | ES-MaACL | ||
| 005 | 20230906174233.0 | ||
| 007 | t| | ||
| 008 | 041028s1976 sp ||||1| spa d | ||
| 020 | _a84-249-0693-4 | ||
| 100 | 1 |
_aHjelmslev, Louis. _963842 |
|
| 245 | 1 | 0 |
_aPrincipios de gramática general / _cLouis Hjelmslev ; versión española de Félix Piñero Torre. |
| 260 |
_aMadrid : _bGredos, _c1976. |
||
| 300 |
_a383 p. ; _c21 cm. |
||
| 490 | 1 |
_aBiblioteca románica hispánica. II. Estudios y ensayos ; _v251 |
|
| 500 | _aIndice. | ||
| 504 | _aBibliografía. | ||
| 700 | 1 |
_aPiñero Torre, Félix. _992281 |
|
| 830 | 0 |
_aBiblioteca románica hispánica. II. Estudios y ensayos ; _v251 _9178108 |
|
| 852 |
_aES-MaACL _jL-10853 _bR.112649 |
||
| 999 |
_c80526 _d80526 |
||